000 00604nam a2200229Ia 4500
003 OSt
005 20220918184152.0
006 a|||||r|||| 00| 0
007 ta
008 220917b |||||||| |||| 00| 0 eng d
024 _a45,081
037 _cTextual
040 _aARTS
_cARTS
_beng
041 _2eng
_aeng
082 _aO28:3D95:1, 61J5.1-;4
100 _aBrenn E W
_964828
245 0 _aMazungumzo ya Alfu lela Ulela ed by F Johnson
260 _c1955
650 _aENGLISH LITERATURE
942 _hO28:3D95:1, 61J5.1-;4
_cTEXL
_2CC
999 _c175451
_d175451